000 00472 a2200133 4500
020 _a0870311476
082 _a620.136 ACI
100 _aEdited by Malhotra,V.M.
245 _aSeventh CANMET/ACI International Conference on Recent Advances in Concrete Technology /
_ceditor, V. Mohan Malhotra.
260 _aFarmington Hills, Mich. :
_bAmerican Concrete Institute,
_cc2004.
300 _avi, 242 p. :
_bill. ;
_c23 cm.
650 _aConcrete
650 _aConcrete
_xAdditives
830 0 _aPublication SP ;
999 _c843
_d843